| 000 | 00489nam a2200157 4500 | ||
|---|---|---|---|
| 999 |
_c6446 _d6446 |
||
| 008 | 020515s1993 mlp engta | ||
| 100 | 1 | _aAquino, Ranhilio Callangan | |
| 245 | 1 | 0 |
_aMan at worship : _ba philosophical study of religion / _cRanhilio Callangan Aquino. |
| 260 |
_aManila : _bUST Printing Office, _cc1993. |
||
| 300 |
_aix, 113 p. ; _c23 cm. |
||
| 336 | _atext | ||
| 337 | _aunmediated | ||
| 338 | _avolume | ||
| 650 | 4 |
_aReligion _xaddresses, essays, lectures. |
|
| 942 |
_2lcc _cBK |
||